000 05770nam0a2200493 4500
001 RU\NLR\BIBL_A\011958991
005 20250809113238.0
020 _aRU
_9Ленинград в Великой Отечественной войне. Коллекция. Афиши
035 _a(NLR Aleph) 011958991
090 _a66698
_c66698
100 _a20190222d1945 u y0rusy50 ca
101 0 _arus
102 _aRU
105 _aa z 000zy
135 _acrcn 024anaba
200 1 _a1945 г. [Репертуар
_eафиша]
_fУправление по Делам Искусств при Исполкоме Ленгорсовета, Ленинградский государственный Театр Кукол
210 _a[Ленинград]
_cТЛ-4
_d1945
215 _a1 л.
_cцв. ил.
_d40x54
300 _aНачало спектаклей: в 4 ч., в воскресенье в 11 ч., 2 ч. 30 м. и в 6 ч. веч. Билеты продаются в кассе театра (Некрасова, 10), ежедн. кроме понедельн. с 12 до 2 и с 3 до 6 ч. Принимаются заявки на коллективное посещение театра
300 _aЗак. 480
325 _aКопия доступна в Электрон. б-ке РНБ
327 _a16 марта Пятница. Илья Муромец. Автор Карнаухова И.В. и Туберовский М.Д. Композитор Пейсин А.Я. Постановщик Шапиро С.Н. Художник Григорьев М.А. Начало в 4 ч. 17 марта Суббота. Каштанка. Автор Браусевич Л.Т. Композитор Дешевов В.М. Постановщик Шапиро С.Н. Художник Рыков А.В. Начало в 4 ч. 18 марта Воскрес. По щучьему велению. Автор Тараховская. Постановщик Деммени Е.С. Композитор Гельфман М.Я. Художник и скульптор Павлович И.П. Начало в 11 ч. 18 марта Воскрес. По щучьему велению. Автор Тараховская. Постановщик Деммени Е.С. Композитор Гельфман М.Я. Художник и скульптор Павлович И.П. Начало в 2 ч. 30 м. и 6 ч. 20 марта Вторник. Илья Муромец. Автор Карнаухова И.В. и Туберовский М.Д. Композит. Пейсин А.Я. Постановщик Шапиро С.Н. Художник Григорьев М.А. Начало в 4 ч. 21 марта Среда. Каштанка. Автор Браусевич Л.Т. Композитор Дешевов В.М. Постановщик Шапиро С.Н. Художник Рыков А.В. Начало в 4 ч. 22 марта Четверг. Илья Муромец. Автор Карнаухова И.В. и Туберовский М.Д. Композит. Пейсин А.Я. Постановщик Шапиро С.Н. Художник Григорьев М.А. Начало в 4 ч.
327 1 _a23 марта Пятница. Шелковая кисточка и Цирк. Автор Карнаухова И.В. Постановщик Шапиро С.Н. Художник Григорьев М.А. Скульптор Константиновская Н.Н. Композитор Локшин А.Л. Начало в 4 ч. 24 марта Суббота. Каштанка. Автор Браусевич Л.Т. Композитор Дешевов В.М. Постановщик Шапиро С.Н. Художник Рыков А.В. Начало в 4 ч. 25 марта Воскрес. Каштанка. Автор Браусевич Л.Т. Композитор Дешевов В.М. Постановщик Шапиро С.Н. Художник Рыков А.В. Начало в 11 ч., 2 ч. 30 м. и 6 ч. 27 марта Вторник. Каштанка. Автор Браусевич Л.Т. Композитор Дешевов В.М. Постановщик Шапиро С.Н. Художник Рыков А.В. Начало в 4 ч. 28, 29, 30 и 31. О спектаклях будет объявлено особо. В спектаклях участвуют: Альперович И.С., Беляков В.Г., Белякова Т.С. [и др.]. Художественный руководитель театра Шапиро С.Н.
606 1 _aТеатральная жизнь
_yЛенинград, город
_z1941 - 1944
_jАфиши
_2nlr_sh2
_3RU\NLR\AUTH\6601649837
686 _aЩ333(2Р=Рус)7-692Ленинград
710 0 2 _aЛенинградский театр кукол
_3RU\NLR\AUTH\889922815
852 _aNLR
_jЛ3-330а/27/2/1945-март(3)
856 0 _uhttp://vivaldi.nlr.ru/la700000026/view
856 1 _uhttp://vivaldi.nlr.ru/la700000026/cover
856 2 _uhttp://vivaldi.nlr.ru/la700000026/text
942 _cVISUAL
945 _aРоссийская национальная библиотека
980 _aNB
980 _aBV
980 3 _akplen
980 3 _akp
981 3 7 _a(37) Ленинград в Великой Отечественной войне
_b(37) Афиши блокадного Ленинграда